000 00914cab a22001935a 4500
001 L146123
008 081211s2008 xxkad f s 000 0 eng d
035 _a(Sirsi) u146123
041 0 _aeng
110 2 _aAsiaProperty
_95571
245 0 0 _aCross-border investment
260 _c2008
490 0 _aAsia Property
_vNovember 2008, 25-30(2)
520 _aExplains that cash-rich private equity investors, especially Gulf state sovereign wealth funds, continue to drive cross-border investment deals in Asia. Argues that large developers in Hong Kong and Singapore are strong enough to sit out a market downturn before resuming their expansion plans in China and Vietnam. However, with values still falling and investors in no hurry to spend, predicts that large deals will be scarce in 2009.
590 _aKA
651 4 _aAsia
690 _aPROPERTY-COMMERCIAL PROPERTY-COMMERCIAL PROPERTY MARKET
942 _n0
999 _c81034
_d81034